000 00454nam a2200193Ia 4500
001 7099
003 GE_BSU
008 181216s||||||||xx |||||||||||||| ||und||
040 _cGE_BSU
080 _a517(075.8)
100 _aАтанасьян,Л.С.
245 _aГеометрия. Ч.2
260 _aМосква
260 _bПросвещение
260 _c1987
300 _a351стр.22см.
653 _aГеометрия
942 _cBK
999 _c40488
_d40488